000 00262nam a22001097a 4500
082 _a621.38416 BER'G
100 _aBERENS, JULICES
_959019
245 _aGETTING STARTED IN AMATEUR RADIO
260 _aNEWYORK
_bJOHN F. RIDER
_c1957
300 _a136P
942 _cBK
999 _c569079
_d569079